[Event "XXXI Memorial Edoardo Crespi A"]
[Site "Milano ITA"]
[Date "2010.12.10"]
[Round "8"]
[White "Barberi, Alessandro"]
[Black "Melotti, Dario"]
[WhiteElo "2077"]
[BlackElo "2087"]
[Result "1/2-1/2"]
[PlyCount "77"]
[EventDate "2010.12.04"]

1. d4 Nf6 2. Nf3 g6 3. g3 Bg7 4. Bg2 O-O 5. c4 d6 6. Nc3 Nbd7 7. O-O e5 8. e4
c6 9. h3 Qb6 10. dxe5 dxe5 11. Qc2 Qb4 12. b3 a5 13. a3 Qe7 14. Be3 b6 15. Na4
Rb8 16. c5 b5 17. Nb6 Ba6 18. Rfd1 Rfd8 19. Nxd7 Rxd7 20. Rxd7 Nxd7 21. b4 a4
22. Rd1 Nf6 23. Rd6 Bb7 24. Qd3 h6 25. Bc1 Ne8 26. Rd7 Qe6 27. Bb2 Bf6 28. Qd1
Bc8 29. Rd3 Bg7 30. g4 g5 31. Nh2 Rb7 32. Nf1 Rd7 33. Ne3 Rxd3 34. Qxd3 Qd7 35.
Qc2 f6 36. Nf5 Bf8 37. Bf3 Qd8 38. Kg2 Be6 39. Bc3 1/2-1/2

[Event "XXXI Memorial Edoardo Crespi A"]
[Site "Milano ITA"]
[Date "2010.12.10"]
[Round "8"]
[White "Battistella, Stefano"]
[Black "Bonazzi, Edoardo"]
[WhiteElo "2069"]
[BlackElo "2164"]
[Result "1/2-1/2"]
[PlyCount "20"]
[EventDate "2010.12.04"]

1. Nf3 Nf6 2. c4 e6 3. g3 d5 4. d4 dxc4 5. Qa4+ Nbd7 6. Bg2 Be7 7. O-O O-O 8.
Qxc4 c5 9. dxc5 Bxc5 10. Nc3 Qe7 1/2-1/2

[Event "XXXI Memorial Edoardo Crespi A"]
[Site "Milano ITA"]
[Date "2010.12.10"]
[Round "8"]
[White "Bemporad, Filippo"]
[Black "Facchetti, Gianni"]
[WhiteElo "2068"]
[BlackElo "2154"]
[Result "1/2-1/2"]
[PlyCount "91"]
[EventDate "2010.12.04"]

1. d4 Nf6 2. Nf3 d6 3. c4 Nbd7 4. Nc3 e5 5. e4 c6 6. Be2 Be7 7. O-O O-O 8. b3
Qc7 9. Bb2 Re8 10. dxe5 dxe5 11. Qc2 a5 12. Na4 b6 13. Rac1 Bf8 14. Nd2 Nc5 15.
Nxc5 Bxc5 16. Nb1 Qe7 17. Nc3 Bd4 18. Bf3 Bxc3 19. Bxc3 c5 20. g3 Bb7 21. Bg2
Rad8 22. Rcd1 h6 23. f3 Nh7 24. Qb2 f6 25. Bh3 Ng5 26. Bg4 Rd6 27. Rxd6 Qxd6
28. h4 Nf7 29. Rf2 Qd1+ 30. Kg2 Rd8 31. Rf1 Qd6 32. Rf2 Qe7 33. Rd2 Rd6 34. Qc2
Qd8 35. Be6 Kf8 36. Rxd6 Qxd6 37. Bd5 Bc8 38. Qd2 h5 39. a3 Qd7 40. Kg1 Nd8 41.
b4 axb4 42. axb4 Ne6 43. Bxe6 Qxd2 44. Bxd2 Bxe6 45. bxc5 bxc5 46. Be3 1/2-1/2

[Event "XXXI Memorial Edoardo Crespi A"]
[Site "Milano ITA"]
[Date "2010.12.10"]
[Round "8"]
[White "Borgo, Giulio"]
[Black "Damia, Angelo"]
[WhiteElo "2414"]
[BlackElo "2302"]
[Result "1/2-1/2"]
[PlyCount "67"]
[EventDate "2010.12.04"]

1. e4 e5 2. Bc4 Nc6 3. Nf3 Nf6 4. d4 exd4 5. e5 d5 6. Bb5 Nd7 7. O-O Be7 8. Re1
O-O 9. Bxc6 bxc6 10. Nxd4 Nb8 11. Qf3 c5 12. Nf5 Bxf5 13. Qxf5 Qd7 14. Qf3 Nc6
15. Nc3 Rad8 16. Bf4 Nd4 17. Qd3 Qg4 18. Bg3 c6 19. f3 Qg6 20. Rac1 Nf5 21. Bf2
c4 22. Qe2 c5 23. Qd1 Bg5 24. Rb1 d4 25. Ne4 Be3 26. Qe2 d3 27. cxd3 cxd3 28.
Qf1 Bxf2+ 29. Qxf2 c4 30. Nd2 Nd4 31. Nxc4 Ne2+ 32. Kf1 Qa6 33. Nd2 Qxa2 34.
Qe3 1/2-1/2

[Event "XXXI Memorial Edoardo Crespi A"]
[Site "Milano ITA"]
[Date "2010.12.10"]
[Round "8"]
[White "D'Alessio, Angelo"]
[Black "Valenti, Giuseppe"]
[WhiteElo "2030"]
[BlackElo "2122"]
[Result "1-0"]
[PlyCount "95"]
[EventDate "2010.12.04"]

1. d4 d6 2. c4 Nf6 3. Nc3 Nbd7 4. e4 e5 5. Nf3 c6 6. Be2 Be7 7. O-O O-O 8. h3
Re8 9. Be3 Qc7 10. Rc1 Bf8 11. Qc2 g6 12. Rfd1 Bg7 13. b4 b6 14. d5 c5 15. a3
a6 16. Nd2 Nf8 17. Rb1 Bd7 18. a4 Reb8 19. a5 Be8 20. axb6 Rxb6 21. bxc5 Rxb1
22. Rxb1 dxc5 23. Nb3 N8d7 24. Ra1 Bf8 25. Ra3 Nb6 26. Ra5 Nfd7 27. Qa2 Qc8 28.
Nb1 f5 29. f3 f4 30. Bf2 g5 31. Nc3 h5 32. Nc1 Bd6 33. Nd3 Kg7 34. Bd1 Bg6 35.
Na4 g4 36. Naxc5 Nxc5 37. Nxc5 Kh6 38. fxg4 hxg4 39. Bxg4 Qc7 40. Ne6 Qxc4 41.
Bxb6 Qc1+ 42. Kh2 Rc8 43. Qf2 Be7 44. Bc5 Bf6 45. Bf5 Bxf5 46. exf5 Rb8 47.
Bf8+ Kh7 48. Qa7+ 1-0

[Event "XXXI Memorial Edoardo Crespi A"]
[Site "Milano ITA"]
[Date "2010.12.10"]
[Round "8"]
[White "David, Alberto"]
[Black "Mertens, Heiko"]
[WhiteElo "2587"]
[BlackElo "2320"]
[Result "1/2-1/2"]
[PlyCount "76"]
[EventDate "2010.12.04"]

1. e4 e5 2. Nf3 d6 3. d4 Nf6 4. Nc3 Nbd7 5. Bc4 Be7 6. O-O O-O 7. Qe2 c6 8. a4
Qc7 9. h3 h6 10. a5 Re8 11. d5 cxd5 12. Bxd5 Nxd5 13. Nxd5 Qd8 14. Rd1 Nb8 15.
Be3 Nc6 16. Nd2 Be6 17. Nc4 Bf8 18. c3 Qb8 19. Qf3 Ne7 20. Nxd6 Nxd5 21. exd5
Bxd6 22. dxe6 Rxe6 23. Rd5 e4 24. Qd1 a6 25. Qd2 Qf8 26. Rd1 Bc7 27. Qd4 b5 28.
axb6 Bxb6 29. Qd2 a5 30. Bd4 a4 31. Qe3 Bxd4 32. R5xd4 Qe8 33. Rd5 Qb8 34. R1d2
Qb3 35. Qc5 Ree8 36. Qb5 Qxb5 37. Rxb5 a3 38. bxa3 Rxa3 1/2-1/2

[Event "XXXI Memorial Edoardo Crespi A"]
[Site "Milano ITA"]
[Date "2010.12.10"]
[Round "8"]
[White "Drazic, Sinisa"]
[Black "Colovic, Aleksandar"]
[WhiteElo "2524"]
[BlackElo "2457"]
[Result "1/2-1/2"]
[PlyCount "49"]
[EventDate "2010.12.04"]

1. Nc3 c5 2. e3 g6 3. d4 Bg7 4. Nf3 Nf6 5. a3 b6 6. Bd3 Bb7 7. O-O d6 8. Re1
O-O 9. b3 Nbd7 10. Bb2 a6 11. Bf1 Rc8 12. h3 Rc7 13. Rc1 Qa8 14. Nb1 Rd8 15.
Nbd2 Rcc8 16. c4 d5 17. Qe2 a5 18. cxd5 Bxd5 19. dxc5 Nxc5 20. b4 axb4 21. axb4
Nd3 22. Qxd3 Bxf3 23. Rxc8 Qxc8 24. Bd4 Bb7 25. Nc4 1/2-1/2

[Event "XXXI Memorial Edoardo Crespi A"]
[Site "Milano ITA"]
[Date "2010.12.10"]
[Round "8"]
[White "Formento, Paolo"]
[Black "Nicolo', Filippo"]
[WhiteElo "1976"]
[BlackElo "2060"]
[Result "1/2-1/2"]
[PlyCount "36"]
[EventDate "2010.12.04"]

1. e4 e6 2. d4 d5 3. Nc3 Bb4 4. Nge2 Nf6 5. Bg5 dxe4 6. a3 Be7 7. Bxf6 Bxf6 8.
Nxe4 Be7 9. N2g3 O-O 10. c3 b6 11. Bd3 Bb7 12. O-O Nd7 13. Qh5 g6 14. Qe2 c5
15. dxc5 Nxc5 16. Nxc5 Bxc5 17. Be4 Qc7 18. Qf3 Bxe4 1/2-1/2

[Event "XXXI Memorial Edoardo Crespi A"]
[Site "Milano ITA"]
[Date "2010.12.10"]
[Round "8"]
[White "Gagliardi, Christian"]
[Black "Vezzosi, Paolo"]
[WhiteElo "2188"]
[BlackElo "2379"]
[Result "1/2-1/2"]
[PlyCount "72"]
[EventDate "2010.12.04"]

1. e4 c5 2. Nc3 Nc6 3. Bb5 g6 4. Bxc6 bxc6 5. d3 Bg7 6. f4 d6 7. Nf3 Nf6 8. O-O
O-O 9. Bd2 Ne8 10. Qe1 Nc7 11. Rc1 Nb5 12. Na4 Nd4 13. h3 f5 14. c4 Nxf3+ 15.
Rxf3 Bd4+ 16. Kh1 fxe4 17. dxe4 e5 18. Qg3 Kh8 19. fxe5 Bxe5 20. Rxf8+ Qxf8 21.
Bc3 Bxc3 22. Qxc3+ Kg8 23. e5 Bf5 24. Re1 Re8 25. exd6 Rxe1+ 26. Qxe1 Qxd6 27.
b3 Qd4 28. Qg1 Qd2 29. Qxc5 Qxa2 30. Qxa7 Qxb3 31. Qa8+ Kg7 32. Qxc6 Qb1+ 33.
Kh2 Qb8+ 34. Kh1 Qb1+ 35. Kh2 Qb8+ 36. Kh1 Qb1+ 1/2-1/2

[Event "XXXI Memorial Edoardo Crespi A"]
[Site "Milano ITA"]
[Date "2010.12.10"]
[Round "8"]
[White "Gonella, Daniele"]
[Black "Garano, Nicola"]
[WhiteElo "2003"]
[BlackElo "2171"]
[Result "0-1"]
[PlyCount "62"]
[EventDate "2010.12.04"]

1. e4 c5 2. c3 d5 3. exd5 Qxd5 4. d4 Nf6 5. Nf3 e6 6. Be2 Nc6 7. Na3 cxd4 8.
Nb5 Qd8 9. Nfxd4 Nxd4 10. Qxd4 Qxd4 11. Nxd4 a6 12. Bf3 e5 13. Nb3 e4 14. Be2
Bg4 15. Bg5 Bxe2 16. Bxf6 Bb5 17. Bd4 O-O-O 18. O-O-O Be7 19. Bxg7 Rhg8 20.
Rxd8+ Bxd8 21. Bd4 Rxg2 22. Be3 Bh4 23. Nc5 f5 24. a4 Be2 25. Kd2 Bf3 26. Ke1
f4 27. Bd4 e3 28. Nd3 Rxf2 29. Nxf2 Bxh1 30. Ke2 Bxf2 31. Be5 f3+ 0-1

[Event "XXXI Memorial Edoardo Crespi A"]
[Site "Milano ITA"]
[Date "2010.12.10"]
[Round "8"]
[White "Gori, Andrea"]
[Black "Astengo, Marcello"]
[WhiteElo "2116"]
[BlackElo "2070"]
[Result "0-1"]
[PlyCount "98"]
[EventDate "2010.12.04"]

1. e4 e6 2. d4 d5 3. Nc3 Nf6 4. Bg5 Bb4 5. e5 h6 6. Bd2 Bxc3 7. Bxc3 Ne4 8. h4
c5 9. Qg4 O-O 10. Rh3 cxd4 11. Bd2 f5 12. Qg6 Nxd2 13. Kxd2 Qa5+ 14. Kd1 Qc7
15. f4 Nc6 16. Rg3 Kh8 17. Bd3 Qf7 18. Ne2 Bd7 19. Qxf7 Rxf7 20. Kd2 a6 21. a4
Rff8 22. Ng1 Rfc8 23. Nf3 Rc7 24. Rb1 Rac8 25. b4 Kh7 26. b5 axb5 27. axb5 Ne7
28. h5 g6 29. Nxd4 gxh5 30. Rh1 h4 31. Rgh3 Ng6 32. Ke3 Rc3 33. g3 R8c4 34. Kd2
Ra3 35. Bxc4 dxc4 36. c3 Ra2+ 37. Ke3 Ra3 38. Ne2 Bxb5 39. gxh4 Bc6 40. h5 Ne7
41. Re1 Be4 42. Kd4 Bd3 43. Rg3 b5 44. Reg1 Ra7 45. Nc1 Nd5 46. Rxd3 cxd3 47.
Nxd3 Rc7 48. Nc5 Nxf4 49. Re1 Rxc5 0-1

[Event "XXXI Memorial Edoardo Crespi A"]
[Site "Milano ITA"]
[Date "2010.12.10"]
[Round "8"]
[White "Iudicello, Giovanni"]
[Black "Burlando, Alessandro"]
[WhiteElo "2158"]
[BlackElo "2132"]
[Result "1-0"]
[PlyCount "101"]
[EventDate "2010.12.04"]

1. e4 e6 2. Qe2 c5 3. f4 Nc6 4. Nf3 g6 5. g3 Bg7 6. Bg2 Nge7 7. O-O O-O 8. c3
d6 9. d3 e5 10. Be3 b6 11. a4 h6 12. Nh4 f6 13. Na3 g5 14. fxg5 hxg5 15. Nf3
Bg4 16. h3 Be6 17. h4 g4 18. Nh2 Qd7 19. Nc2 Rae8 20. d4 cxd4 21. cxd4 exd4 22.
Nxd4 Nxd4 23. Bxd4 Nc6 24. Bc3 Ne5 25. Bxe5 fxe5 26. Qd3 Rc8 27. Rfd1 Rfd8 28.
b3 Bh6 29. Nf1 Qc6 30. Ne3 Qc5 31. Re1 Qc3 32. Qe2 Qxb3 33. Nxg4 Bg7 34. Ne3
Rc3 35. g4 Rf8 36. Nf5 Bxf5 37. exf5 d5 38. Rab1 Qc4 39. Qxc4 dxc4 40. Rbc1 e4
41. Rxc3 Bxc3 42. Rc1 Bd4+ 43. Kf1 c3 44. Bxe4 Re8 45. Bd5+ Kg7 46. Be6 Kf6 47.
Ke2 Rh8 48. Rh1 Be5 49. g5+ Ke7 50. Bb3 Bf4 51. f6+ 1-0

[Event "XXXI Memorial Edoardo Crespi A"]
[Site "Milano ITA"]
[Date "2010.12.10"]
[Round "8"]
[White "Lapiccirella, Daniele"]
[Black "Cani, Gazmir"]
[WhiteElo "2225"]
[BlackElo "2113"]
[Result "1-0"]
[PlyCount "117"]
[EventDate "2010.12.04"]

1. d4 Nf6 2. c4 g6 3. Nc3 d5 4. Nf3 Bg7 5. Bg5 Ne4 6. cxd5 Nxg5 7. Nxg5 e6 8.
Qa4+ Kf8 9. Qb4+ Kg8 10. dxe6 fxe6 11. Nf3 Bf8 12. Qb3 Kg7 13. e3 Nc6 14. Be2
Bd6 15. O-O Rf8 16. Ne4 Ne7 17. Nxd6 cxd6 18. Rac1 Nd5 19. Bc4 Nc7 20. Qc3 Rf7
21. Bb3 Nb5 22. Qb4 Bd7 23. Bc4 a5 24. Qb3 a4 25. Qb4 Ra5 26. Ng5 Re7 27. d5
exd5 28. Bxd5 b6 29. Qh4 h5 30. Bc6 Qe8 31. Bxd7 Qxd7 32. Nf3 Qe6 33. Rfd1 Qf6
34. Qb4 Qf5 35. Nd4 Qe4 36. Rc4 d5 37. Nf5+ gxf5 38. Rxe4 Rxe4 39. Qd2 Nd6 40.
Qc3+ Kf7 41. Qh8 h4 42. Qd8 Ke6 43. Qg8+ Ke5 44. Qg6 f4 45. exf4+ Rxf4 46. Re1+
Re4 47. f4+ Kd4 48. Rc1 Nc4 49. b3 axb3 50. axb3 Kc5 51. bxc4 Rxc4 52. Rd1 Rxf4
53. Qg5 Rd4 54. Qe7+ Kc4 55. Rc1+ Kb5 56. Qd7+ Kb4 57. Qd6+ Kb5 58. Qc6+ Ka6
59. Rb1 1-0

[Event "XXXI Memorial Edoardo Crespi A"]
[Site "Milano ITA"]
[Date "2010.12.10"]
[Round "8"]
[White "Loehnhardt, Benjamin"]
[Black "Gikas, Andreas Basilius"]
[WhiteElo "2042"]
[BlackElo "2182"]
[Result "0-1"]
[PlyCount "102"]
[EventDate "2010.12.04"]

1. d4 d5 2. Nf3 c6 3. Bf4 Qb6 4. Qc1 Bg4 5. e3 Bxf3 6. gxf3 Nf6 7. c4 e6 8. c5
Qa5+ 9. Qc3 Qxc3+ 10. Nxc3 Nh5 11. Bxb8 Rxb8 12. f4 g6 13. Be2 Ng7 14. b4 Be7
15. O-O Nf5 16. Rab1 g5 17. fxg5 Bxg5 18. f4 Bf6 19. Nd1 Ke7 20. Bf3 b6 21. a3
a5 22. Kf2 axb4 23. axb4 Ra8 24. Be2 Rhb8 25. b5 bxc5 26. dxc5 cxb5 27. Rxb5
Rxb5 28. Bxb5 Ra2+ 29. Kf3 Ra3 30. Ke2 Ra2+ 31. Kd3 Ra5 32. Bc6 Kd8 33. e4 Ne7
34. exd5 exd5 35. Bb7 Rxc5 36. Kd2 Ra5 37. Ne3 Ra2+ 38. Nc2 Kc7 39. Rb1 Ra7 40.
Bxd5 Nxd5 41. Rb5 Kc6 42. Rb3 Kd6 43. Rh3 Bc3+ 44. Kd1 f6 45. Rh4 Ke6 46. Ke2
f5 47. Rh6+ Nf6 48. Ne3 Ra2+ 49. Kd3 Bd2 50. Nc2 Bxf4 51. Nd4+ Kf7 0-1

[Event "XXXI Memorial Edoardo Crespi A"]
[Site "Milano ITA"]
[Date "2010.12.10"]
[Round "8"]
[White "Manca, Federico"]
[Black "Saric, Sinisa"]
[WhiteElo "2405"]
[BlackElo "2452"]
[Result "0-1"]
[PlyCount "92"]
[EventDate "2010.12.04"]

1. e4 d5 2. exd5 Qxd5 3. Nf3 Bg4 4. Be2 Nc6 5. d4 O-O-O 6. c4 Qd7 7. d5 Bxf3 8.
Bxf3 Ne5 9. Be2 e6 10. O-O exd5 11. cxd5 Nf6 12. Nc3 Nxd5 13. Qb3 Bc5 14. Na4
Be7 15. Bd2 Qf5 16. Rac1 Nf4 17. Bxf4 Qxf4 18. Nc3 Bd6 19. g3 Qb4 20. Qc2 Kb8
21. a3 Qb6 22. Nd5 Qc6 23. Qb3 Qd7 24. Rfd1 c6 25. Nb4 Qe6 26. Bc4 Qg4 27.
Nxc6+ Nxc6 28. Bd5 Na5 29. Qb5 Bc7 30. b4 Nc6 31. Bxc6 Rxd1+ 32. Kg2 Bb6 33.
Bf3 Qxf3+ 34. Kxf3 Rxc1 35. Qe5+ Ka8 36. Qxg7 Rcc8 37. a4 Rcd8 38. a5 Bd4 39.
Qg4 a6 40. Qf5 Rd6 41. Kg2 f6 42. h4 h5 43. b5 axb5 44. Qxb5 Ra6 45. Qb4 Be5
46. Qc5 Kb8 0-1

[Event "XXXI Memorial Edoardo Crespi A"]
[Site "Milano ITA"]
[Date "2010.12.10"]
[Round "8"]
[White "Marin, Mihail"]
[Black "Herman, Matthew J."]
[WhiteElo "2562"]
[BlackElo "2149"]
[Result "1/2-1/2"]
[PlyCount "30"]
[EventDate "2010.12.04"]

1. e4 c5 2. d3 Nc6 3. g3 g6 4. Bg2 Bg7 5. f4 d6 6. Nf3 Nh6 7. O-O O-O 8. Nc3 f5
9. Kh1 Rb8 10. a4 a6 11. Nd5 Nf7 12. c3 b5 13. axb5 axb5 14. Bd2 e6 15. Ne3 c4
1/2-1/2

[Event "XXXI Memorial Edoardo Crespi A"]
[Site "Milano ITA"]
[Date "2010.12.10"]
[Round "8"]
[White "Marinone, Lucio"]
[Black "Brunello, Roberta"]
[WhiteElo "2011"]
[BlackElo "2063"]
[Result "1-0"]
[PlyCount "65"]
[EventDate "2010.12.04"]

1. d4 d5 2. Nf3 Nf6 3. c4 e6 4. Nc3 Be7 5. Bg5 Nbd7 6. e3 O-O 7. Rc1 c6 8. Bd3
dxc4 9. Bxc4 Nd5 10. Bxe7 Qxe7 11. O-O Nxc3 12. Rxc3 e5 13. d5 c5 14. d6 Qf6
15. Qd5 Rb8 16. Bb5 Re8 17. Rxc5 a6 18. Bxd7 Bxd7 19. Nxe5 Be6 20. Qd4 Rbd8 21.
Rfc1 Bd7 22. Nxd7 Qxd4 23. exd4 Rxd7 24. Rc8 Red8 25. Rxd8+ Rxd8 26. d7 Kf8 27.
Rc7 b6 28. Rc8 Ke7 29. Rxd8 Kxd8 30. Kf1 Kxd7 31. Ke2 Kd6 32. Kd3 Kd5 33. g4
1-0

[Event "XXXI Memorial Edoardo Crespi A"]
[Site "Milano ITA"]
[Date "2010.12.10"]
[Round "8"]
[White "Martinez, Rolly"]
[Black "Sbarra, Marco"]
[WhiteElo "2425"]
[BlackElo "2312"]
[Result "1/2-1/2"]
[PlyCount "88"]
[EventDate "2010.12.04"]

1. e4 e5 2. Nf3 Nc6 3. Bb5 a6 4. Bxc6 dxc6 5. O-O Be7 6. Qe2 Bf6 7. Rd1 c5 8.
c3 Bg4 9. d3 Qd7 10. h3 Bxf3 11. Qxf3 Ne7 12. Be3 Qd6 13. Nd2 O-O 14. Nc4 Qc6
15. a4 a5 16. h4 b6 17. h5 Rad8 18. Qg3 Qe6 19. f4 Rxd3 20. Rxd3 Qxc4 21. Rd7
Qxe4 22. Qf3 Qxf3 23. gxf3 Nf5 24. Re1 Nxe3 25. Rxe3 exf4 26. Re4 h6 27. Rxc7
Rd8 28. Rc6 Rd1+ 29. Kf2 Rd2+ 30. Re2 Rd5 31. Rxb6 Bh4+ 32. Kg1 Rg5+ 33. Kf1
Bg3 34. Re8+ Kh7 35. Re7 Rxh5 36. Rxf7 Rg5 37. Re6 h5 38. Rfe7 Rd5 39. Re5 Rd2
40. Rxh5+ Kg6 41. Rxc5 Rd1+ 42. Kg2 Rd2+ 43. Kf1 Rd1+ 44. Kg2 Rd2+ 1/2-1/2

[Event "XXXI Memorial Edoardo Crespi A"]
[Site "Milano ITA"]
[Date "2010.12.10"]
[Round "8"]
[White "Pace, Pietro Dario"]
[Black "Salvador, Roland"]
[WhiteElo "2316"]
[BlackElo "2527"]
[Result "0-1"]
[PlyCount "104"]
[EventDate "2010.12.04"]

1. e4 c5 2. Nf3 e6 3. Nc3 a6 4. d4 cxd4 5. Nxd4 d6 6. a4 Bd7 7. Be2 Nc6 8. O-O
Rc8 9. Kh1 Be7 10. Be3 Na5 11. f4 Nc4 12. Bxc4 Rxc4 13. e5 Nh6 14. Qd3 Qc7 15.
exd6 Bxd6 16. Ne4 Be7 17. b3 Rb4 18. c3 Rb6 19. a5 Rc6 20. Nxc6 Bxc6 21. Bb6
Qb8 22. Nc5 g5 23. Rae1 Bxc5 24. Bxc5 gxf4 25. Qd6 Qxd6 26. Bxd6 Rg8 27. Re2 f3
28. gxf3 Nf5 29. Bf4 Rg4 30. Be5 Nh4 31. Re3 Ke7 32. Rd3 f6 33. Bd6+ Kf7 34.
Bg3 Nf5 35. Kg1 Rg5 36. Kf2 Nxg3 37. hxg3 Rxa5 38. Rh1 Ra2+ 39. Ke3 Kg7 40. c4
Rb2 41. Rf1 Rg2 42. g4 e5 43. Rf2 Rg3 44. b4 Kf7 45. Kd2 Kg6 46. Ke2 h6 47. Rh2
Rg1 48. Rb3 Rc1 49. Kd2 Rxc4 50. Ke3 Ba4 51. Rbb2 Rc3+ 52. Kf2 Bc6 0-1

[Event "XXXI Memorial Edoardo Crespi A"]
[Site "Milano ITA"]
[Date "2010.12.10"]
[Round "8"]
[White "Paleologu, Vladimir"]
[Black "Tesic, Dragan"]
[WhiteElo "2193"]
[BlackElo "2403"]
[Result "0-1"]
[PlyCount "70"]
[EventDate "2010.12.04"]

1. e4 c5 2. Nf3 Nc6 3. d4 cxd4 4. Nxd4 Qc7 5. Nc3 e6 6. g3 a6 7. Bg2 d6 8. O-O
Bd7 9. Be3 Nf6 10. h3 b5 11. f4 Rc8 12. a3 h5 13. Nb3 Be7 14. Qd2 Rb8 15. Qe2
b4 16. axb4 Nxb4 17. Ra3 d5 18. e5 Ne4 19. Nd4 Nxg3 20. Qd2 Nxf1 21. Bxf1 g6
22. Ra1 O-O 23. Be2 Bc5 24. Kh1 Nc6 25. Rg1 Nxd4 26. Bxd4 Bxd4 27. Qxd4 Qb6 28.
Qd3 Kh7 29. f5 exf5 30. Bf3 Be6 31. Bxh5 Qf2 32. Bf3 Qh4 33. Bxd5 Rfd8 34. Kh2
Rbc8 35. Rd1 Rxc3 0-1

[Event "XXXI Memorial Edoardo Crespi A"]
[Site "Milano ITA"]
[Date "2010.12.10"]
[Round "8"]
[White "Pechy, Alaster"]
[Black "Massironi, Marco"]
[WhiteElo "2187"]
[BlackElo "2185"]
[Result "1-0"]
[PlyCount "123"]
[EventDate "2010.12.04"]

1. d4 d5 2. c4 c6 3. Nc3 e5 4. dxe5 d4 5. Ne4 Qa5+ 6. Bd2 Qxe5 7. Ng3 Nf6 8.
Nf3 Qd6 9. Qc2 Be7 10. O-O-O O-O 11. e3 dxe3 12. Bxe3 Qc7 13. Nf5 Na6 14. a3
Nc5 15. Nxe7+ Qxe7 16. Bd4 h6 17. Be2 a5 18. Rhe1 a4 19. Kb1 Nb3 20. Bc3 Ne4
21. Bd3 Nxc3+ 22. Qxc3 Be6 23. Bc2 Rfd8 24. Nd4 Nxd4 25. Rxd4 Rxd4 26. Qxd4 Rd8
27. Qe4 Qf6 28. f4 g6 29. g3 Rd2 30. Re2 Rd4 31. Qe5 Qd8 32. Bxg6 Rd1+ 33. Kc2
Rd4 34. Kb1 Rxc4 35. Bc2 Rd4 36. Re1 Bb3 37. Qe8+ Qxe8 38. Rxe8+ Kg7 39. Re3
Bd5 40. Kc1 Kf6 41. Rd3 Rc4 42. Kd2 Be4 43. Rd6+ Ke7 44. Bd3 Kxd6 45. Bxc4 Bd5
46. Bd3 Kc5 47. Kc3 Bb3 48. Bf5 b5 49. g4 f6 50. h4 Bg8 51. h5 Kd5 52. Kd3 c5
53. Be4+ Kd6 54. g5 fxg5 55. fxg5 hxg5 56. h6 Ke5 57. h7 Bxh7 58. Bxh7 g4 59.
Be4 b4 60. Ba8 g3 61. Kc4 Kd6 62. Bg2 1-0

[Event "XXXI Memorial Edoardo Crespi A"]
[Site "Milano ITA"]
[Date "2010.12.10"]
[Round "8"]
[White "Pedroni, Marco"]
[Black "Almonti, Alessandro"]
[WhiteElo "1989"]
[BlackElo "2033"]
[Result "0-1"]
[PlyCount "75"]
[EventDate "2010.12.04"]

1. e4 d6 2. d4 Nf6 3. Nc3 e5 4. dxe5 dxe5 5. Qxd8+ Kxd8 6. Nf3 Bd6 7. Bc4 Ke8
8. Bg5 a6 9. O-O-O Nbd7 10. h3 h6 11. Be3 Bb4 12. Nd5 Nxd5 13. Bxd5 Bd6 14. Nd2
f6 15. Nb3 Rb8 16. Ba7 Ra8 17. Be3 Bb4 18. c3 Be7 19. Na5 Rb8 20. Rd2 Bc5 21.
Rhd1 Bxe3 22. fxe3 Nb6 23. Bxb7 Bxb7 24. Nxb7 Ke7 25. Nc5 a5 26. b3 Rhe8 27.
Kc2 Kf7 28. c4 Re7 29. Na6 Ra8 30. Nc5 a4 31. Kc3 axb3 32. axb3 Nc8 33. Rd8 Nb6
34. Rxa8 Nxa8 35. Ra1 Nb6 36. Ra7 Nc8 37. Rb7 Nd6 38. Na6 0-1

[Event "XXXI Memorial Edoardo Crespi A"]
[Site "Milano ITA"]
[Date "2010.12.10"]
[Round "8"]
[White "Quaranta, Cristiano"]
[Black "Lapiccirella, Mattia"]
[WhiteElo "2131"]
[BlackElo "2212"]
[Result "1/2-1/2"]
[PlyCount "57"]
[EventDate "2010.12.04"]

1. d4 c5 2. d5 e6 3. c4 Nf6 4. Nc3 d6 5. Nf3 exd5 6. cxd5 g6 7. g3 Bg7 8. Bg2
O-O 9. O-O Re8 10. Nd2 a6 11. a4 Nbd7 12. h3 Rb8 13. Nc4 Nb6 14. Na3 Bd7 15. e4
Nc8 16. Qd3 Qe7 17. Re1 b5 18. axb5 axb5 19. Naxb5 Bxb5 20. Nxb5 Nxd5 21. Nxd6
Qxd6 22. Rd1 Nc3 23. bxc3 Bxc3 24. Bf4 Qxd3 25. Rxd3 Bxa1 26. Bxb8 Ne7 27. Bf4
Bd4 28. Be3 Nc6 29. Bxd4 1/2-1/2

[Event "XXXI Memorial Edoardo Crespi A"]
[Site "Milano ITA"]
[Date "2010.12.10"]
[Round "8"]
[White "Radice, Luca"]
[Black "Bonanno, Alessandro"]
[WhiteElo "2001"]
[BlackElo "2143"]
[Result "1/2-1/2"]
[PlyCount "36"]
[EventDate "2010.12.04"]

1. d4 d5 2. c4 e6 3. Nc3 Nf6 4. cxd5 exd5 5. Bg5 Be7 6. Qc2 O-O 7. e3 Nbd7 8.
Bd3 Re8 9. Nf3 c6 10. O-O Nf8 11. Rab1 Bg4 12. Nd2 a6 13. b4 Bd6 14. a4 Be6 15.
Bf5 Qd7 16. Bxe6 Qxe6 17. Bh4 Rac8 18. Bg3 Bxg3 1/2-1/2

[Event "XXXI Memorial Edoardo Crespi A"]
[Site "Milano ITA"]
[Date "2010.12.10"]
[Round "8"]
[White "Ricci, Marco"]
[Black "Zanetti, Alberto"]
[WhiteElo "2061"]
[BlackElo "2199"]
[Result "1/2-1/2"]
[PlyCount "138"]
[EventDate "2010.12.04"]

1. e4 c5 2. Nf3 e6 3. d4 cxd4 4. Nxd4 a6 5. Bd3 Nf6 6. O-O Qc7 7. Qe2 d6 8. c4
Be7 9. Nc3 Nbd7 10. b3 b6 11. Bb2 Bb7 12. Rac1 O-O 13. Bb1 Rac8 14. Kh1 Qb8 15.
Rfd1 Rfe8 16. f3 Bf8 17. Qd2 Qa8 18. Nc2 Rcd8 19. Ne3 Bc6 20. Ne2 Bb7 21. Nc3
h6 22. b4 Rc8 23. a3 Be7 24. Qf2 Qb8 25. Ne2 Ba8 26. Nd4 Ne5 27. Ba2 Nc6 28.
Nxc6 Bxc6 29. Qg3 Red8 30. Ng4 Nxg4 31. Qxg4 Bf8 32. Qf4 e5 33. Qe3 Bd7 34. Rd3
Be6 35. Bb3 Rc7 36. Rdc3 Rdc8 37. Qd3 Qb7 38. h3 Rc6 39. Ba4 R6c7 40. Bb3 f6
41. R1c2 Kh7 42. Bc1 g5 43. Be3 Kg6 44. Bf2 Bf7 45. Rc1 Kg7 46. R3c2 Be7 47.
Qe3 Rb8 48. Qd3 Qc8 49. g4 h5 50. Kg2 h4 51. Be3 Qg8 52. Rc3 Rcb7 53. Bf2 Rc7
54. Be3 Be6 55. Bf2 Rd7 56. Be3 Qf7 57. Bf2 Bf8 58. Be3 Rc7 59. Bf2 Rc6 60. Ba4
Rc7 61. Bb3 Be7 62. Be3 Rd7 63. Bf2 Ra7 64. R1c2 Rc7 65. Rc1 Bf8 66. Be3 Rd7
67. Bf2 Be7 68. Be3 Bd8 69. Ba4 Re7 1/2-1/2

[Event "XXXI Memorial Edoardo Crespi A"]
[Site "Milano ITA"]
[Date "2010.12.10"]
[Round "8"]
[White "Salami, Marco"]
[Black "Codenotti, Marco"]
[WhiteElo "2203"]
[BlackElo "2228"]
[Result "1/2-1/2"]
[PlyCount "64"]
[EventDate "2010.12.04"]

1. d4 Nf6 2. c4 g6 3. Nc3 Bg7 4. e4 d6 5. Nf3 O-O 6. Be2 e5 7. d5 a5 8. Bg5 Na6
9. Nd2 Bd7 10. O-O Qe8 11. b3 h5 12. f3 Nh7 13. Bh4 Bh6 14. Rb1 Be3+ 15. Kh1 c6
16. a3 Bc5 17. Qc1 Kg7 18. Bf2 f5 19. Bxc5 Nxc5 20. b4 axb4 21. axb4 Na4 22.
dxc6 Bxc6 23. b5 Nxc3 24. Qxc3 Bd7 25. Qb4 Qe7 26. Ra1 Nf6 27. Bd3 Be6 28. Ra3
Rfc8 29. Rfa1 Rxa3 30. Rxa3 fxe4 31. Bxe4 Qd7 32. h3 Nxe4 1/2-1/2

[Event "XXXI Memorial Edoardo Crespi A"]
[Site "Milano ITA"]
[Date "2010.12.10"]
[Round "8"]
[White "Salmoiraghi, Angelo"]
[Black "Bozzali, Ermanno"]
[WhiteElo "2139"]
[BlackElo "2119"]
[Result "1/2-1/2"]
[PlyCount "28"]
[EventDate "2010.12.04"]

1. d4 d5 2. c4 c6 3. Nf3 Nf6 4. e3 a6 5. Bd3 Bg4 6. Qb3 Ra7 7. Ne5 e6 8. Nxg4
Nxg4 9. f3 Nf6 10. Bd2 Be7 11. Nc3 b5 12. cxd5 cxd5 13. O-O O-O 14. Ne2 Nc6
1/2-1/2